00500nam a22001457a 450000500170000001000150001702000270003203500140005903700130007308200120008624501340009826000510023227000400028330000310032320230609162843.0 aENG-120234 c1675.00a9789381039724 aEN-103766 bDBAD/PUB a338.642 aStart-up projects for enterprenurs:b50 highly profitable small and medium industries /cby NPCS Board of Consultants & Engineers aDelhibNIIR Project Consultancy Servicesc2016 bDelhie110007a106 - A, Kamla Nagar axxii,378p.c21cm(pbk)bill